Normal view
MARC view
- Ronald E Miller
Entry Personal Name
001 - CONTROL NUMBER
- control field: 125123
003 - CONTROL NUMBER IDENTIFIER
- control field: NUST
005 - DATE AND TIME OF LATEST TRANSACTION
- control field: 20240813154103.0
008 - FIXED-LENGTH DATA ELEMENTS
- fixed length control field: 240813|| aca||aabn | a|a d
040 ## - CATALOGING SOURCE
- Original cataloging agency: NUST
- Transcribing agency: NUST
100 ## - HEADING--PERSONAL NAME
- Personal name: Ronald E Miller
670 ## - SOURCE DATA FOUND
- Source citation: Work cat.: (NUST): Ronald E Miller, Optimization Foundations and Applications, 2000.
